000 00799cam a2200277 4500
008 000000n2001 000 0 eng u
020 _a0632055138
035 _a(Sirsi) u109842
050 _a658.99
100 _aHarris, Frank
245 _aModern construction management.
250 _a5th ed.
260 _aOxford
_bBlackwell Science
_c2001
300 _aix, 588p. ; 24cm.
350 _a24.95
520 _aSuperseded by 6th edition (ISBN 1405133252).
650 _aBUILDING MANAGEMENT
650 _aMANAGEMENT-PROJECT MANAGEMENT
650 _aQUALITY MANAGEMENT
650 _aCOST CONTROL
650 _aProcurement-old
650 _aBUILT ENVIRONMENT-BUILDING CONTRACT FORMS
690 _aBUILDING AND CONSTRUCTION-MANAGEMENT
700 _aMcCaffer, Ronald
942 _n0
999 _c101007
_d101007